Doc Martin. Series 10 / Buffalo Pictures in ... Read More
Available copies
- 3 of 3 copies available at LARL/NWRL Consortium.
- 2 of 2 copies available at Lake Agassiz Regional Library. (Show preferred library)
Current holds
0 current holds with 3 total copies.
Show Only Available Copies
| Location | Call Number / Copy Notes | Barcode | Shelving Location | Status | Due Date |
|---|---|---|---|---|---|
| Crookston Public Library | DVD DOC (Text) | 33500013765664 | Main | Available | - |
| Hendrum LINK Site | DVD DOC (Text) | 33500013765672 | Main | Available | - |
| Roseau Public Library | DVD DOC (Text) | 35500006370884 | Main | Available | - |
Record details
- Physical Description: 3 videodiscs (approximately 452 min.) : sound, ... Read More
- Publisher: [Silver Spring, MD] : Acorn, [2023]
- Distributor: [Silver Spring, MD] : distributed exclusively by RLJ Entertainment
Content descriptions
| General Note: | Title from disc labels. Arising from the film "Saving Grace" created by Craig Ferguson and Mark Crowdy. Originally broadcast as single episodes of a television program in 2022. Wide screen. |
| Formatted Contents Note: | Disc 1, Episodes 1-4 -- Disc 2, Episodes 5-8 -- ... Read More |
| Creation/Production Credits Note: | Director of photography, Simon Archer ; editors, ... Read More |
| Participant or Performer Note: | Martin Clunes, Caroline Catz, Eileen Atkins, Ian ... Read More |
| Summary, etc.: | This final series sees the Doc making efforts to ... Read More |
| Target Audience Note: | Rating: Not rated; "Recommended for mature ... Read More |
| System Details Note: | DVD; region 1, NTSC; 16:9; stereo. |
| Language Note: | In English with English SDH subtitles. |
Search for related items by subject
| Subject: | Physicians (General practice) > England > Drama. Eccentrics and eccentricities > England > Drama. City and town life > England > Drama. Families > England > Drama. |
| Genre: | Television comedies. Medical television programs. Fiction television programs. Television series. Video recordings for the hearing impaired. |
Search for related items by series
| LDR | 04683cgm a2201045 i 4500 | ||
|---|---|---|---|
| 001 | 407232 | ||
| 003 | LARL_NWRL_CONSORTIUM | ||
| 005 | 20230327142109.0 | ||
| 008 | 230123p20232022mdu452 e vleng d | ||
| 007 | vd cvaizs | ||
| 040 | . | ‡aTEFMT ‡beng ‡erda ‡cTEFMT ‡dTEF ‡dJBL ‡dGK8 ‡dUOK ‡dINO ‡dRNL ‡dIUK | |
| 024 | 1 | . | ‡z054961296896 |
| 024 | 1 | . | ‡a054961296897 |
| 028 | 4 | 2. | ‡aAMP-2968 ‡bAcorn |
| 028 | 4 | 2. | ‡aAMP2968LIT ‡bAcorn |
| 035 | . | ‡a(OCoLC)1363845822 | |
| 037 | . | ‡bMidwest Tape ‡nhttp://www.midwesttapes.com | |
| 041 | 0 | . | ‡aeng ‡peng |
| 043 | . | ‡ae-uk-en | |
| 046 | . | ‡k2022 ‡2edtf | |
| 082 | 0 | 4. | ‡a791.45/75 ‡223/eng/20230124 |
| 130 | 0 | . | ‡aDoc Martin (Television program). ‡nSeason 10. |
| 245 | 0 | 0. | ‡aDoc Martin. ‡pSeries 10 / ‡cBuffalo Pictures in association with Homerun Productions ; written by Jack Lothian, Andy Rattenbury, Kevin Cecil, Julian Unthank, Chris Reddy, Amy Roberts, Loren McLaughlan ; series created by Dominic Minghella ; produced by Philippa Braithwaite ; directed by Nigel Cole, Philip John & Kate Cheeseman. |
| 257 | . | ‡aGreat Britain ‡2naf | |
| 264 | 1. | ‡a[Silver Spring, MD] : ‡bAcorn, ‡c[2023] | |
| 264 | 2. | ‡a[Silver Spring, MD] : ‡bdistributed exclusively by RLJ Entertainment | |
| 300 | . | ‡a3 videodiscs (approximately 452 min.) : ‡bsound, color ; ‡c4 3/4 in. | |
| 336 | . | ‡atwo-dimensional moving image ‡btdi ‡2rdacontent | |
| 337 | . | ‡avideo ‡bv ‡2rdamedia | |
| 338 | . | ‡avideodisc ‡bvd ‡2rdacarrier | |
| 340 | . | ‡b4 3/4 in | |
| 340 | . | ‡gpolychrome ‡2rdacc | |
| 341 | 0 | . | ‡aauditory ‡bcaptions |
| 344 | . | ‡adigital ‡2rdatr | |
| 344 | . | ‡boptical ‡2rdarm | |
| 344 | . | ‡gstereo ‡2rdacpc | |
| 345 | . | ‡c16:9 | |
| 345 | . | ‡dwide screen ‡2rdaar | |
| 346 | . | ‡bNTSC ‡2rdabs | |
| 347 | . | ‡avideo file ‡2rdaft | |
| 347 | . | ‡bDVD video | |
| 347 | . | ‡eregion 1 ‡2rdare | |
| 380 | . | ‡aTelevision programs ‡2lcgft | |
| 490 | 0 | . | ‡aDoc Martin ; ‡vSeries 10 |
| 538 | . | ‡aDVD; region 1, NTSC; 16:9; stereo. | |
| 546 | . | ‡aIn English with English SDH subtitles. | |
| 532 | 1 | . | ‡aEnglish subtitles for the deaf and hard of hearing |
| 500 | . | ‡aTitle from disc labels. | |
| 511 | 1 | . | ‡aMartin Clunes, Caroline Catz, Eileen Atkins, Ian McNeice, Joe Absolom, John Marquez, Jessica Ransom, Selina Cadell, Robyn Addison. |
| 508 | . | ‡aDirector of photography, Simon Archer ; editors, Nick McPhee, David Yardley ; music, Colin Towns. | |
| 500 | . | ‡aArising from the film "Saving Grace" created by Craig Ferguson and Mark Crowdy. | |
| 500 | . | ‡aOriginally broadcast as single episodes of a television program in 2022. | |
| 500 | . | ‡aWide screen. | |
| 521 | 8 | . | ‡aRating: Not rated; "Recommended for mature audiences"--Container insert. |
| 520 | . | ‡aThis final series sees the Doc making efforts to overcome his phobia and beginning to question whether he made the right decision about resigning. He and Louisa have also welcomed a baby daughter, Mary Elizabeth, a sister to four-year-old James Henry; includes the feature-length finale special. | |
| 505 | 0 | . | ‡aDisc 1, Episodes 1-4 -- Disc 2, Episodes 5-8 -- Disc 3, Episode 9. |
| 650 | 0. | ‡aPhysicians (General practice) ‡zEngland ‡vDrama. | |
| 650 | 0. | ‡aEccentrics and eccentricities ‡zEngland ‡vDrama. | |
| 650 | 0. | ‡aCity and town life ‡zEngland ‡vDrama. | |
| 650 | 0. | ‡aFamilies ‡zEngland ‡vDrama. | |
| 655 | 7. | ‡aTelevision comedies. ‡2lcgft ‡0(LARL_NWRL_CONSORTIUM)175737 | |
| 655 | 7. | ‡aMedical television programs. ‡2lcgft ‡0(LARL_NWRL_CONSORTIUM)175775 | |
| 655 | 7. | ‡aFiction television programs. ‡2lcgft ‡0(LARL_NWRL_CONSORTIUM)175627 | |
| 655 | 7. | ‡aTelevision series. ‡2lcgft ‡0(LARL_NWRL_CONSORTIUM)175797 | |
| 655 | 7. | ‡aVideo recordings for the hearing impaired. ‡2lcgft ‡0(LARL_NWRL_CONSORTIUM)175744 | |
| 700 | 1 | . | ‡aMinghella, Dominic, ‡d1967- ‡ecreator. |
| 700 | 1 | . | ‡aCole, Nigel, ‡etelevision director. ‡0(LARL_NWRL_CONSORTIUM)208198 |
| 700 | 1 | . | ‡aJohn, Philip ‡q(Philip R.), ‡etelevision director. |
| 700 | 1 | . | ‡aCheeseman, Kate, ‡etelevision director. |
| 700 | 1 | . | ‡aLothian, Jack, ‡escreenwriter. |
| 700 | 1 | . | ‡aRattenbury, Andrew, ‡escreenwriter. |
| 700 | 1 | . | ‡aCecil, Kevin, ‡d1969- ‡escreenwriter. |
| 700 | 1 | . | ‡aUnthank, Julian, ‡escreenwriter. |
| 700 | 1 | . | ‡aRoberts, Amy ‡c(Screenwriter), ‡escreenwriter. |
| 700 | 1 | . | ‡aClunes, Martin, ‡d1961- ‡eactor. ‡0(LARL_NWRL_CONSORTIUM)211222 |
| 700 | 1 | . | ‡aCatz, Caroline, ‡eactor. |
| 700 | 1 | . | ‡aAtkins, Eileen, ‡d1934- ‡eactor. ‡0(LARL_NWRL_CONSORTIUM)152380 |
| 700 | 1 | . | ‡aMcNeice, Ian, ‡eactor. ‡0(LARL_NWRL_CONSORTIUM)207889 |
| 700 | 1 | . | ‡aAbsolom, Joe, ‡d1978- ‡eactor. |
| 700 | 1 | . | ‡aMarquez, John, ‡d1970- ‡eactor. |
| 700 | 1 | . | ‡aRansom, Jessica, ‡d1982- ‡eactor. |
| 700 | 1 | . | ‡aCadell, Selina, ‡eactor. ‡0(LARL_NWRL_CONSORTIUM)216586 |
| 700 | 1 | . | ‡aAddison, Robyn, ‡eactor. |
| 710 | 2 | . | ‡aBuffalo Pictures, ‡eproduction company. |
| 710 | 2 | . | ‡aHomerun Productions (Firm), ‡eproduction company. |
| 710 | 2 | . | ‡aAcorn Media (Firm), ‡epublisher. ‡0(LARL_NWRL_CONSORTIUM)151261 |
| 710 | 2 | . | ‡aRLJ Entertainment, ‡edistributor. |
| 901 | . | ‡a407232 ‡bOCoLC ‡c407232 ‡tbiblio ‡soclc | |

Add to basket
Permalink
Disable Highlighting